| 000 | 00505nam a2200193Ia 4500 | ||
|---|---|---|---|
| 003 | GCL | ||
| 008 | 140319s9999 xx 000 0 eng d | ||
| 040 |
_aGCL / _cGCL |
||
| 082 | 0 | 4 |
_a150.19 _bC J |
| 100 | 1 | _aCLORKE, J.J. | |
| 245 | 1 | 0 |
_aJUNG AND EASTERN THOUGHT: A DIALOGUE WITH THE ORIENT / _cCLORKE, J.J. |
| 260 |
_a[S.N] : _bROUTLEDGE ، _c1994 |
||
| 300 | _a217 P | ||
| 650 | 0 | 4 | _aRELIGION |
| 650 | 0 | 4 | _aPSYCHOANALYSIS - HISTORY |
| 650 | 0 | 4 | _aPHILOSOPHY |
| 650 | 0 | 4 | _aJUGGLING |
| 942 |
_2ddc _cBK |
||
| 999 |
_c24664 _d24664 |
||